SERIO CON ESE Q - Omar Courtz, Anuel AA - Estadísticas

Estadísticas generales
  • Esta prueba ha sido intentada 134 veces
  • La puntuación promedio es 337 de 500
Estadísticas de respuestas
Respuesta % Correcto
es
100%
a
96%
con
95%
la
93%
me
93%
que
93%
cu
92%
no
92%
el
91%
se
91%
en
89%
ese
89%
esta
89%
si
88%
y
88%
baby
87%
hasta
87%
ma
87%
te
87%
g
86%
lo
86%
pa
86%
haciendo
84%
serio
84%
mi
83%
tu
83%
de
82%
estas
82%
vi
82%
ti
80%
yo
80%
da
79%
muerte
79%
pero
79%
Real
79%
real
79%
chingando
78%
las
78%
los
78%
luz
78%
sabes
76%
mami
75%
apa
74%
pienso
74%
otra
72%
pregunto
72%
al
71%
cuando
71%
culo
71%
eo
71%
humo
71%
veo
71%
viendo
71%
adentro
70%
apagues
70%
atras
70%
bebe
70%
comerte
70%
espera
70%
prendiendo
70%
toda
70%
cualquiera
68%
cuatro
68%
estoy
68%
vamos
68%
dije
67%
afuera
66%
antes
66%
como
66%
darle
66%
ea
66%
ganas
66%
sin
66%
somos
66%
tiempo
66%
celos
64%
quita
64%
ropa
64%
un
64%
venirse
64%
loquito
63%
quede
63%
su
63%
ponerlo
62%
sola
62%
chiste
61%
eres
61%
anuel
59%
estes
59%
por
59%
tiene
59%
voy
58%
exotic
57%
pal
57%
dan
55%
estaba
55%
pelo
55%
siente
55%
ultima
55%
ella
54%
hicimos
54%
mojado
54%
noti
54%
sobandote
54%
soy
54%
totito
54%
vez
54%
clima
53%
desnuda
53%
estar
53%
una
53%
coro
51%
ozu
51%
amor
49%
le
49%
tetas
49%
coges
47%
yandelo
47%
cojones
46%
dm
46%
embuste
46%
hentai
46%
mala
46%
dientes
45%
hago
45%
only
45%
outside
45%
sky
45%
tienes
45%
vudu
45%
cazzu
43%
fan
43%
full
43%
fumo
43%
haciendote
43%
mezclando
43%
myke
43%
towers
43%
wow
43%
camino
42%
cementerio
42%
chingoteo
42%
delincuente
42%
estamos
42%
fumando
42%
gatita
42%
preso
42%
enseña
41%
bellaqueamos
39%
cuarto
39%
home
39%
bonsai
38%
conmigo
38%
fuego
38%
nodal
38%
quito
38%
suavemente
38%
sube
38%
toca
38%
tokischa
38%
digo
37%
echa
37%
ey
37%
para
37%
pide
37%
quiero
37%
emma
36%
enamorar
36%
piel
36%
subo
36%
gente
34%
jhayco
34%
pregunta
34%
adicto
33%
beso
33%
down
33%
guardarte
33%
llueve
33%
ojos
33%
rusa
33%
urus
33%
colorao
32%
mientes
32%
oido
32%
pensar
32%
puta
32%
siempre
32%
tierra
32%
frente
30%
hablo
30%
tusa
30%
asi
29%
enterrado
29%
hace
29%
ponemos
29%
popi
29%
punto
29%
cuido
28%
demonio
28%
rosita
28%
toto
28%
arrodilla
26%
crespo
26%
escuchando
26%
ozuna
26%
ennotao
25%
obligado
25%
ruta
25%
siento
25%
elvis
24%
kilo
24%
otro
24%
porque
24%
toco
24%
dale
22%
utilizar
22%
2pac
21%
aa
21%
ando
21%
carmen
21%
dentro
20%
calling
18%
calor
18%
shortly
18%
uno
17%
ken
14%
quedarme
14%
lonely
13%
akon
12%
Killuminati
12%
luvana
12%
pantycito
12%
sigo
11%
baldioroty
3%
No se encontraron pruebas coincidentes
Distribución de puntuación
Porcentaje de gente con cada puntuación
Porcentaje por número respondido
Historial de tus puntuaciones
No has intentado esta prueba.